[Event "Titled Tuesday intern op 16th Apr Late"]
[Site "Chess.com INT"]
[Date "2024.04.16"]
[Round "3"]
[White "Bortnyk, Olexandr"]
[Black "Nasuta, Grzegorz"]
[Result "1-0"]
[WhiteElo "2608"]
[BlackElo "2552"]
[PlyCount "93"]
[EventDate "2024.04.16"]
[EventType "swiss (blitz)"]
[EventRounds "11"]
[EventCountry "USA"]
[SourceTitle "CB17_2024"]
[SourceDate "2024.04.24"]
[SourceVersion "1"]
[SourceVersionDate "2024.04.24"]
[SourceQuality "1"]

1. e4 e5 2. Bc4 Nf6 3. d3 Nc6 4. Nc3 Bc5 5. Bg5 h6 6. Bh4 Be7 7. Bg3 d6 8. Nf3 Na5 9. Bb3 Nxb3 10. axb3 a6 11. 0-0 0-0 12. d4 exd4 13. Nxd4 Re8 14. h3 Bf8 15. Qf3 Be6 16. Rad1 Qc8 17. Rfe1 Nd7 18. Nxe6 fxe6 19. e5 d5 20. Nxd5 Nxe5 21. Rxe5 exd5 22. Qxd5+ Kh8 23. Rxe8 Qxe8 24. Qxb7 Rd8 25. Rxd8 Qxd8 26. Qxc7 Qd1+ 27. Kh2 Kh7 28. Qc4 Qc1 29. Qd3+ Kg8 30. Qxa6 Qxb2 31. Qc4+ Kh7 32. Qe4+ Kg8 33. Qd5+ Kh7 34. Qf5+ Kg8 35. Qc8 Qd4 36. c3 Qd1 37. b4 Kf7 38. b5 Qb3 39. Qc7+ Ke6 40. b6 h5 41. b7 h4 42. b8Q hxg3+ 43. fxg3 Qb2 44. Qxb2 Bd6 45. Qb3+ Kf5 46. Qxd6 Ke4 47. Qbe6# 1-0

[Event "Titled Tuesday intern op 02nd Apr Early"]
[Site "Chess.com INT"]
[Date "2024.04.02"]
[Round "2"]
[White "Manukian, Artak"]
[Black "Bortnyk, Olexandr"]
[Result "0-1"]
[WhiteElo "2196"]
[BlackElo "2608"]
[PlyCount "60"]
[EventDate "2024.04.02"]
[EventType "swiss (blitz)"]
[EventRounds "11"]
[EventCountry "USA"]
[SourceTitle "CB15_2024"]
[SourceDate "2024.04.10"]
[SourceVersion "1"]
[SourceVersionDate "2024.04.10"]
[SourceQuality "1"]

1. e4 g6 2. d4 Bg7 3. c4 d6 4. Nc3 Nf6 5. f3 a6 6. Bg5 c5 7. dxc5 Qa5 8. Qd2 Qxc5 9. Nd5 Nxd5 10. cxd5 Qb6 11. Rb1 Bd4 12. Ne2 Bf2+ 13. Kd1 Nd7 14. Nc3 Ne5 15. a4 Bd7 16. a5 Qa7 17. b3 Rc8 18. Na4 h6 19. Bf4 g5 20. Bxe5 dxe5 21. d6 Be3 22. Qd5 exd6 23. Bc4 Be6 24. Qd3 0-0 25. Bxe6 fxe6 26. Ke2 g4 27. Rhd1 Bd4 28. Rdc1 gxf3+ 29. gxf3 Kh8 30. Qd2 Kh7 0-1